| 000 | 00579nam a22001817a 4500 | ||
|---|---|---|---|
| 005 | 20250807114630.0 | ||
| 010 | _aENG-146370 | ||
| 020 |
_a9789391772116 _c150.00 |
||
| 035 | _aEN-129902 | ||
| 037 | _bDBAD | ||
| 082 |
_a658.15244 _21 |
||
| 100 |
_aDhakal, B. Hari Prabhu _983937 |
||
| 245 |
_aWorking Capital Management For Beginners/ _cB. Hari Prabhu Dhakal |
||
| 260 |
_aChennai _bForschung Publications _c2021 |
||
| 270 |
_aMogappair _bChennai _k9626166683 _mforchungpublications@gmail.com |
||
| 300 |
_a82p. _c22cm(pb) |
||
| 942 |
_2ddc _cEN _h658.15244 _mDHA |
||
| 999 |
_c212933 _d212933 |
||